A dámbikák mennyiségi és minőségi szabályozásának értékelése a Bárna Völgye Földtulajdonosi Közösség vadászterületén
Elmentve itt :
| Szerző: | |
|---|---|
| További közreműködők: | |
| Dokumentumtípus: | Szakdolgozat |
| Megjelent: |
2012
|
| Kulcsszavak: | Dámszarvas Állományszabályozás Nógrád megye |
| Tárgyszavak: | |
| Online Access: | http://diploma.bibl.u-szeged.hu/102702 |
| LEADER | 00760nta a2200217 i 4500 | ||
|---|---|---|---|
| 001 | dipl102702 | ||
| 005 | 20211213084726.0 | ||
| 008 | 211130s2012 hu om 0|| zxx d | ||
| 040 | |a SZTE Diploma Repozitórium |b hun | ||
| 041 | |a zxx | ||
| 100 | 1 | |a Simon Sándor | |
| 245 | 1 | 2 | |a A dámbikák mennyiségi és minőségi szabályozásának értékelése a Bárna Völgye Földtulajdonosi Közösség vadászterületén |h [elektronikus dokumentum] / |c Sándor Simon |
| 260 | |c 2012 | ||
| 300 | |a 67 | ||
| 650 | 4 | |a Agrár | |
| 650 | 4 | |a Husbandry | |
| 695 | |a Dámszarvas | ||
| 695 | |a Állományszabályozás | ||
| 695 | |a Nógrád megye | ||
| 700 | 1 | |a Barta Tamás |e ths | |
| 856 | 4 | 0 | |u http://diploma.bibl.u-szeged.hu/id/eprint/102702/2/2012_simon_sandor.pdf |z Dokumentum-elérés |